000 00477nam a22001817a 4500
003 UA-OsUOA
001 13201
007 ta
008 20030420b un ||||| |||| 00| 0 ukr d
100 _aКолодяжний М.
942 _cSA
040 _aUA-OsUOA
_cUA-OsUOA
_dUA-OsUOA
245 _aКоріння з глибини віків
300 _aС.2
955 _a0
773 0 _w0
_tВісті Рівненщини
_dРівне
_d2003
_g№31
650 7 _aІсторія
_2UDC
999 _c299362
_d299362